Atomic physics / (Record no. 6551)

MARC details
000 -LEADER
fixed length control field 00882cam a22002652 4500
001 - CONTROL NUMBER
control field 0000003829
005 - DATE AND TIME OF LATEST TRANSACTION
control field 20151217151935.0
008 - FIXED-LENGTH DATA ELEMENTS--GENERAL INFORMATION
fixed length control field 070515s xx 000 0 eng d
020 ## - INTERNATIONAL STANDARD BOOK NUMBER
International Standard Book Number 0486659844 :
Terms of availability GBP 16.95
040 ## - CATALOGING SOURCE
Original cataloging agency KABU
Transcribing agency KABU
050 #0 - LIBRARY OF CONGRESS CALL NUMBER
Classification number QC776
Item number .B67 1989
100 1# - MAIN ENTRY--PERSONAL NAME
Personal name Born, Max.
-- 0000154021
245 10 - TITLE STATEMENT
Title Atomic physics /
Statement of responsibility, etc. Max Born; revised by R. J. Blin-Stoyle and J. M. Radcliffe.
250 ## - EDITION STATEMENT
Edition statement 8th ed.
260 ## - PUBLICATION, DISTRIBUTION, ETC. (IMPRINT)
Place of publication, distribution, etc. New York :
Name of publisher, distributor, etc. Dover Publications, Inc.,
Date of publication, distribution, etc. 1989.
300 ## - PHYSICAL DESCRIPTION
Extent xiv, 495 p. ;
Dimensions 22 cm.
500 ## - GENERAL NOTE
General note Translation of Moderne Physik.
500 ## - GENERAL NOTE
General note Includes bibliographical references (p. 477-481) and index.
650 #0 - SUBJECT ADDED ENTRY--TOPICAL TERM
Topical term or geographic name as entry element Nuclear physics.
-- 0000154022
700 1# - ADDED ENTRY--PERSONAL NAME
Personal name Blin-Stoyle, Roger John.
-- 0000154023
700 1# - ADDED ENTRY--PERSONAL NAME
Personal name Radcliffe, J. M.
-- 0000154024
908 ## - PUT COMMAND PARAMETER (RLIN)
Put command parameter 070515
950 ## - LOCAL HOLDINGS (RLIN)
-- 1
Holdings
Withdrawn status Lost status Source of classification or shelving scheme Not for loan Home library Current library Date acquired Total Checkouts Full call number Barcode Date last seen Price effective from Koha item type
    Library of Congress Classification   Kabarak, Main Campus Kabarak, Main Campus 17/12/2015   QC776 .B67 1989 010336 17/12/2015 17/12/2015 General Collection
Designed with assistance from East African Informatics Ltd